Casting couch confessions : erotic tales anthology /
محفوظ في:
| المؤلف الرئيسي: | |
|---|---|
| التنسيق: | كتاب |
| اللغة: | الإنجليزية |
| منشور في: |
Laguna Hills :
Companion,
c1999
|
| الوسوم: |
لا توجد وسوم, كن أول من يضع وسما على هذه التسجيلة!
|
MARC
| LEADER | 00000nam a22000007i 4500 | ||
|---|---|---|---|
| 001 | IT\ICCU\UBO\2282840 | ||
| 003 | ItRI | ||
| 005 | 20260115231837.0 | ||
| 008 | 030903s1999 xxu|||||| ||||| |||||c | ||
| 020 | |a 1889138177 (pbk) | ||
| 040 | |b ita |c importazione bologna sebina | ||
| 041 | 7 | |a eng |2 ISO-639-2 | |
| 100 | 1 | |a MacMillan, David |0 IT\ICCU\UBOV\825634 |4 aut | |
| 245 | 1 | 0 | |a Casting couch confessions : |b erotic tales anthology / |c edited by David MacMillan. |
| 260 | |a Laguna Hills : |b Companion, |c c1999 | ||
| 300 | |a 189 p. ; |c 22 cm. | ||
| 942 | |2 ddc |c BK |n 0 | ||
| 952 | |0 0 |1 0 |4 0 |6 DOC_813_540000000000000_MAC |7 0 |9 14051 |a BO |b BO |d 2026-01-15 |i 7590 |l 0 |o DOC 813.54 MAC |p BO7590 |r 2026-01-15 23:18:37 |w 2026-01-15 |x [Sebina 5] [1 v.] |y BK |z 1 v. | ||
| 999 | |c 12108 |d 12108 | ||